<?xml version="1.0" encoding="UTF-8"?>
<record
    xmlns:xsi="http://www.w3.org/2001/XMLSchema-instance"
    xsi:schemaLocation="http://www.loc.gov/MARC21/slim http://www.loc.gov/standards/marcxml/schema/MARC21slim.xsd"
    xmlns="http://www.loc.gov/MARC21/slim">

  <leader>00659nam a22001817a 4500</leader>
  <datafield tag="952" ind1=" " ind2=" ">
    <subfield code="0">0</subfield>
    <subfield code="1">0</subfield>
    <subfield code="2">ddc</subfield>
    <subfield code="4">0</subfield>
    <subfield code="7">0</subfield>
    <subfield code="8">NFIC</subfield>
    <subfield code="a">ASL</subfield>
    <subfield code="b">ASL</subfield>
    <subfield code="c">DC</subfield>
    <subfield code="d">2022-05-30</subfield>
    <subfield code="e">Complementary</subfield>
    <subfield code="l">0</subfield>
    <subfield code="o">954.922 RAD</subfield>
    <subfield code="p">116839</subfield>
    <subfield code="r">2022-05-30 00:00:00</subfield>
    <subfield code="t">C-1</subfield>
    <subfield code="w">2022-05-30</subfield>
    <subfield code="y">BK</subfield>
  </datafield>
  <datafield tag="952" ind1=" " ind2=" ">
    <subfield code="0">0</subfield>
    <subfield code="1">0</subfield>
    <subfield code="2">ddc</subfield>
    <subfield code="4">0</subfield>
    <subfield code="7">0</subfield>
    <subfield code="8">NFIC</subfield>
    <subfield code="a">ASL</subfield>
    <subfield code="b">ASL</subfield>
    <subfield code="c">DC</subfield>
    <subfield code="d">2022-05-30</subfield>
    <subfield code="e">Complementary</subfield>
    <subfield code="l">0</subfield>
    <subfield code="o">954.922 RAD</subfield>
    <subfield code="p">116840</subfield>
    <subfield code="r">2022-05-30 00:00:00</subfield>
    <subfield code="t">C-2</subfield>
    <subfield code="w">2022-05-30</subfield>
    <subfield code="y">BK</subfield>
  </datafield>
  <datafield tag="999" ind1=" " ind2=" ">
    <subfield code="c">28779</subfield>
    <subfield code="d">28779</subfield>
  </datafield>
  <controlfield tag="003">BDDh-ASL</controlfield>
  <controlfield tag="005">20231015030952.0</controlfield>
  <controlfield tag="008">220530s2006    b  ||||| |||| 00| 0 b   d</controlfield>
  <datafield tag="040" ind1=" " ind2=" ">
    <subfield code="c">BDDh-ASL</subfield>
  </datafield>
  <datafield tag="082" ind1=" " ind2=" ">
    <subfield code="a">954.922</subfield>
    <subfield code="b">RAD</subfield>
  </datafield>
  <datafield tag="100" ind1="1" ind2=" ">
    <subfield code="9">6227</subfield>
    <subfield code="a">&#x9B0;&#x9AB;&#x9BF;&#x995;, &#x9B0;&#x9AB;&#x9BF;&#x995;&#x9C1;&#x9B2; &#x987;&#x9B8;&#x9B2;&#x9BE;&#x9AE;</subfield>
  </datafield>
  <datafield tag="245" ind1="1" ind2=" ">
    <subfield code="a">&#x9A2;&#x9BE;&#x995;&#x9BE; &#x9A8;&#x9BF;&#x9AF;&#x9BC;&#x9C7; &#x9A8;&#x9BE;&#x9A8;&#x9BE; &#x995;&#x9A5;&#x9BE; /</subfield>
  </datafield>
  <datafield tag="246" ind1=" " ind2=" ">
    <subfield code="a">Dhaka Niye Nana Kotha </subfield>
  </datafield>
  <datafield tag="260" ind1=" " ind2=" ">
    <subfield code="a">&#x9A2;&#x9BE;&#x995;&#x9BE;: </subfield>
    <subfield code="b">&#x9B6;&#x9BF;&#x9B6;&#x9C1; &#x98F;&#x995;&#x9BE;&#x9A1;&#x9C7;&#x9AE;&#x9C0;, </subfield>
    <subfield code="c">&#x9E8;&#x9E6;&#x9E6;&#x9EC;&#x964; </subfield>
  </datafield>
  <datafield tag="300" ind1=" " ind2=" ">
    <subfield code="a">&#x9EA;&#x9EE; &#x9AA;&#x9C3;&#x9B7;&#x9CD;&#x9A0;&#x9BE;:</subfield>
    <subfield code="b">&#x99B;&#x9AC;&#x9BF;;</subfield>
    <subfield code="c">&#x9E8;&#x9EB; &#x9B8;&#x9C7;.&#x9AE;&#x9BF;. </subfield>
  </datafield>
  <datafield tag="650" ind1=" " ind2="0">
    <subfield code="9">6126</subfield>
    <subfield code="a">History of Dhaka (&#x9A2;&#x9BE;&#x995;&#x9BE;&#x9B0; &#x987;&#x9A4;&#x9BF;&#x9B9;&#x9BE;&#x9B8;) </subfield>
  </datafield>
  <datafield tag="942" ind1=" " ind2=" ">
    <subfield code="2">ddc</subfield>
    <subfield code="c">BK</subfield>
  </datafield>
</record>
